| 000 | 008120000a22002530004500 | ||
|---|---|---|---|
| 003 | LK-CoMWRAF | ||
| 005 | 20231010145045.0 | ||
| 008 | 230817t1995 ||||| |||| 00| 0 eng d | ||
| 020 | _a1870582357 | ||
| 040 |
_aLK-CoMWRAF _dLK-CoMWRAF _eLK-CoMWRAF |
||
| 041 | _aeng | ||
| 082 |
_a297.14 _bABD |
||
| 100 | _a'Abdal-Hajj, Haqq | ||
| 245 |
_aThe Islamic Will: _ba practical guide to being prepared for death and writing your will according to the ShariĘża of Islam and English law / |
||
| 260 |
_aLondon: _bDar Al Taqwa Ltd. _c1995 |
||
| 300 | _a68 p. | ||
| 650 | _aWILLS(ISLAMIC LAW)-Popular works | ||
| 650 | _aWills -- Great Britain -- Popular works | ||
| 650 | _aDeath -- Religious aspects -- Islam | ||
| 650 | _aDeath customs | ||
| 700 | _aBewley, 'A'isha | ||
| 700 | _aThomson, Ahmad | ||
| 942 | _cBK | ||
| 999 |
_c932 _d932 |
||